000 00517nam a2200181 a 4500
001 14474
003 CO-ViMGA
008 141112s2004 ck r 000 u spa d
040 _aCO-ViMGA
_bspa
_cCO-ViMGA
082 0 4 _aFr986.10635 C676l
100 1 _aCoronel M., Alvaro
_921208
245 1 0 _aEl Llano y sus recovecos
260 _aVillavicencio :
_bSiglo XX,
_c1996
300 _a133
500 _aEn : El Llano y sus recovecos; Fr 986.10635 C676l
650 1 4 _aLLANOS ORIENTALES - HISTORIA
_921209
942 _2ddc
_cBK
999 _c25102
_d25102